Search the Library Catalogue
| 000 -LEADER | |
|---|---|
| fixed length control field | 00270nam a22001097a 4500 |
| 008 - FIXED-LENGTH DATA ELEMENTS--GENERAL INFORMATION | |
| fixed length control field | 251015b |||||||| |||| 00| 0 eng d |
| 020 ## - INTERNATIONAL STANDARD BOOK NUMBER | |
| ISBN | 9789350535981 |
| Paper back/Hardbound | hbk |
| 082 ## - DEWEY DECIMAL CLASSIFICATION NUMBER | |
| Classification number | 338 SIN |
| 245 ## - TITLE STATEMENT | |
| Title | Business Statistics |
| Statement of responsibility, etc | /G.B.Singh |
| 942 ## - ADDED ENTRY ELEMENTS (KOHA) | |
| Koha item type | English Books |
| Withdrawn status | Lost status | Damaged status | Not for loan | Home library | Current library | Shelving location | Date acquired | Full call number | Accession Number | Price effective from | Koha item type |
|---|---|---|---|---|---|---|---|---|---|---|---|
| Anna Centenary Library | Anna Centenary Library | 4TH FLOOR, A WING | 15.10.2025 | 338 SIN | 610143 | 15.10.2025 | English Books |